| Tag |
First Indicator |
Second Indicator |
Subfields |
| LEADER |
00000cam a2200000 4500 |
| 001 |
in00000038301 |
| 005 |
20151007080944.0 |
| 008 |
800328s1954 nyua 00010 eng u |
| 010 |
|
|
|a 54006947
|
| 035 |
|
|
|a (OCoLC)06138212
|
| 035 |
|
|
|9 AAF5652AM
|
| 040 |
|
|
|c URB
|d TXA
|d UtOrBLW
|
| 049 |
|
|
|a TXAM
|c [233156]
|
| 050 |
|
0 |
|a BX2230
|b .C686
|
| 092 |
|
|
|a 265.3
|b C752s
|
| 100 |
1 |
|
|a Conniff, James C. G.
|
| 245 |
1 |
4 |
|a The story of the Mass /
|c by James C.G. Conniff in consultation with Rev. Paul Bussard.
|
| 264 |
|
1 |
|a New York :
|b A. A. Wyn,
|c [1954]
|
| 300 |
|
|
|a 1 volume (unpaged) :
|b illustrations ;
|c cm.
|
| 336 |
|
|
|a text
|b txt
|2 rdacontent
|
| 337 |
|
|
|a unmediated
|b n
|2 rdamedia
|
| 338 |
|
|
|a volume
|b nc
|2 rdacarrier
|
| 650 |
|
0 |
|a Mass.
|
| 999 |
|
|
|a MARS
|
| 999 |
f |
f |
|s c816ad5d-60db-3f42-b9d8-ad53bf9b0278
|i caa980ff-fa35-3a28-8516-939bd1b22627
|t 0
|
| 952 |
f |
f |
|p ric
|a Texas A&M University
|b Rellis Campus
|c Joint Library Facility
|d Remote Storage
|t 0
|e BX2230 .C686
|h Library of Congress classification
|i unmediated -- volume
|m A14800616400
|
| 998 |
f |
f |
|a BX2230 .C686
|t 0
|l Remote Storage
|